|
|
|
|
| LEADER |
01815nam a2200409 i 4500 |
| 001 |
EBC4843471 |
| 003 |
MiAaPQ |
| 005 |
20200520144314.0 |
| 006 |
m o d | |
| 007 |
cr cnu|||||||| |
| 008 |
170508t20172017enka ob 000 0 eng d |
| 020 |
|
|
|z 9781787147935
|
| 020 |
|
|
|a 9781787147942 (e-book)
|
| 035 |
|
|
|a (MiAaPQ)EBC4843471
|
| 035 |
|
|
|a (Au-PeEL)EBL4843471
|
| 035 |
|
|
|a (CaPaEBR)ebr11375840
|
| 035 |
|
|
|a (OCoLC)983204434
|
| 040 |
|
|
|a MiAaPQ
|b eng
|e rda
|e pn
|c MiAaPQ
|d MiAaPQ
|
| 050 |
|
4 |
|a LC1043
|b .P477 2017
|
| 082 |
0 |
|
|a 370.113
|2 23
|
| 245 |
0 |
0 |
|a Personnel economics and vocational education & training /
|c guest editors, Samuel Muehlemann and Stefan C. Wolter.
|
| 264 |
|
1 |
|a Bingley, [England] :
|b Emerald Publishing Limited,
|c 2017.
|
| 264 |
|
4 |
|c 2017
|
| 300 |
|
|
|a 1 online resource (119 pages) :
|b illustrations
|
| 336 |
|
|
|a text
|2 rdacontent
|
| 337 |
|
|
|a computer
|2 rdamedia
|
| 338 |
|
|
|a online resource
|2 rdacarrier
|
| 504 |
|
|
|a Includes bibliographical references at the end of each chapters.
|
| 588 |
|
|
|a Description based on online resource; title from PDF cover (ebrary, viewed May 4, 2017).
|
| 590 |
|
|
|a Electronic reproduction. Ann Arbor, MI : ProQuest, 2016. Available via World Wide Web. Access may be limited to ProQuest affiliated libraries.
|
| 650 |
|
0 |
|a Vocational education.
|
| 655 |
|
4 |
|a Electronic books.
|
| 700 |
1 |
|
|a Muehlemann, Samuel,
|e editor.
|
| 700 |
1 |
|
|a Wolter, Stefan C.,
|e editor.
|
| 776 |
0 |
8 |
|i Print version:
|t Personnel economics and vocational education & training.
|d Bingley, [England] : Emerald Publishing Limited, c2017
|h 118 pages
|k Evidence-based HRM : a Global Forum for Empirical Scholarship
|z 9781787147935
|
| 797 |
2 |
|
|a ProQuest (Firm)
|
| 856 |
4 |
0 |
|u https://ebookcentral.proquest.com/lib/matrademy/detail.action?docID=4843471
|z Click to View
|